000 00756nam a2200289Ia 4500
005 20260324114758.0
008 008 260324s9999 xx 000 0 eng d
020 _a9781003181477
037 _aEBOOK
040 _aCRL
040 _beng
040 _cCRL
041 _2eng
041 _aeng
084 _qCRL
100 _aSeth Silver; Timothy Franz
_91152126
245 0 _aMeaningful Partnership at Work
245 0 _bHow The Workplace Covenant Ensures Mutual Accountability and Success between Leaders and Teams
260 _bTaylor and Francis
260 _c2021
365 _a
365 _b205
856 _uhttp://www.taylorfrancis.com/books/9781003181477
942 _cEBOOK
999 _c1742495
_d1742495